| 000 | 00444nam a2200181Ia 4500 | ||
|---|---|---|---|
| 003 | GCL | ||
| 008 | 140319s9999 xx 000 0 eng d | ||
| 040 |
_aGCL / _cGCL |
||
| 082 | 0 | 4 |
_a709 _bS A |
| 100 | 1 | _aSHENKAR, NADINE | |
| 245 | 1 | 0 |
_aL'ART JUIF ET LA KABBALE / _cSHENKAR, NADINE |
| 260 |
_a[S.N] : _bNIL EDITIONS ، _c1996 |
||
| 300 | _a151 P | ||
| 650 | 0 | 4 | _aARTS |
| 650 | 0 | 4 | _aART - HISTORY |
| 650 | 0 | 4 | _aART, JEWISH |
| 942 |
_2ddc _cBK |
||
| 999 |
_c16401 _d16401 |
||